Paroles Le grand secret-Indochine et Melissa Auf der Maur - Statistiques

Statistiques générales
  • Ce quiz a été pris 91 fois
    81 depuis la dernière actualisation
  • Le résultat moyen est 140 sur 203
Statistiques - réponses
Réponse % Correct
la
97%
Et
94%
être
94%
un
94%
se
89%
Se
89%
te
89%
toi
89%
comme
86%
Comme
86%
sang
86%
s'en
86%
de
83%
Je
83%
je
83%
garçon
80%
Laisse-moi
80%
le
80%
moi
80%
fille
77%
peu
77%
qui
77%
ton
77%
perd
74%
son
74%
temps
74%
une
74%
Une
74%
faire
71%
on
71%
On
71%
Tu
71%
tu
71%
si
69%
Si
69%
Comment
66%
défend
66%
puis
66%
remplacerai
66%
roi
66%
secret
66%
fait
63%
montrerai
63%
sans
63%
aller
60%
cette
60%
devais
60%
Est-ce que
60%
Est-ce-que
60%
ferai
60%
illusion
60%
jour
60%
les
60%
Mais
60%
t'en
60%
juste
57%
Tout
57%
fois
54%
quand
54%
quitter
54%
crainte
51%
garder
51%
lumières
51%
notre
51%
parlerai
51%
verrai
51%
voudra
51%
c'était
49%
dernière
49%
essayer
49%
éteintes
49%
prendre
49%
seront
49%
soir
49%
bien
46%
dirigerai
46%
l'amoureux
46%
pourrais
46%
rougirai
46%
voix
46%
m'emmèneras
43%
pouvais
43%
pouvait
43%
m'emmènerais
40%
pourrait
40%
ta
40%
retrouver
37%
t'envoler
37%
enfin
34%
yeux
34%
tes
31%
trouver
31%
croix
29%
laisserai
29%
m'emporter
29%
penserai
26%
plusieurs
26%
s'emmener
17%
Aucun quiz correspondant
Distribution des résultats
% des personnes avec chaque résultat
Percentile par nombre de réponses
Votre historique - résultats
Vous n’avez pas pris ce quiz depuis la dernière actualisation